LDR 01052naa#a2200169#i#450# 001 RU\\bibl\126794 005 20260701132118.3 011 ## _a1815-588X 100 ## _a20260630b2026####ek#y0rusy0150####ca 102 ## _aRU 200 1# _aУстойчивость каркаса при прогрессирующем обрушении и воздействии переменной температуры _eЖурнальная статья 210 1# _aСанкт-Петербург _cФГБОУ ВО "Петербургский государственный университет путей сообщения Императора Александра I" _d2026 215 ## _a5 с. 608 ## _aЖурнальная статья _2local 675 ## _aCтроительная механика. Графический и аналитический методы статики для исследования и расчета строительных конструкций. 624.04 _z 700 #1 _aШульгин _gАлексей Александрович 856 4# _aitt-pgups.ru _u